| 000 | 00416nam a2200157Ia 4500 | ||
|---|---|---|---|
| 003 | GCL | ||
| 008 | 140319s9999 xx 000 0 eng d | ||
| 040 |
_aGCL / _cGCL |
||
| 082 | 0 | 4 |
_a616.07 _bC P |
| 100 | 1 | _aCLEMENTS, MAR | |
| 245 | 1 | 0 |
_aPATHOLOGY: PRETEST, SELF - ASSESSMENT AND REVIEW / _cCLEMENTS, MAR |
| 260 |
_a[S.N] : _bMC GRAW - HILL ، _c1993 |
||
| 300 | _a286 P | ||
| 650 | 0 | 4 | _aPATHOLOGY |
| 942 |
_2ddc _cBK |
||
| 999 |
_c21131 _d21131 |
||